000 00512nam a2200181Ia 4500
005 20250508151839.0
008 008 250505s9999 xx 000 0 eng d
037 _aTextual
040 _aFEDL
_beng
_cFEDL
041 _aeng
_2eng
084 _a372.5, DUM
_qFEDL
100 _aDumpleton John Le F
_9760145
245 0 _aTeach yourself : Hand writing
260 _aLondon, UK
_bEnglish Universities Press Ltd.
_c1955
300 _a191p
942 _cTEXL
_h372.5, DUM
999 _c1332487
_d1332487